[Event "Brandenburg-ch Seniors 22nd"]
[Site "Berlin"]
[Date "2006.02.27"]
[Round "7"]
[White "Schulz, Manfred"]
[Black "Petig, Joerg"]
[Result "1/2-1/2"]
[WhiteElo "1577"]
[BlackElo "1458"]
[PlyCount "150"]
[EventDate "2006.02.20"]
[EventType "swiss"]
[EventRounds "9"]
[EventCountry "GER"]
[SourceTitle "EXT 2007"]
[Source "ChessBase"]
[SourceDate "2006.11.23"]
[SourceVersion "1"]
[SourceVersionDate "2006.11.23"]
[SourceQuality "1"]

1. d4 d5 2. Nf3 e6 3. e3 a6 4. Bd3 c5 5. c3 Nc6 6. Nbd2 Bd6 7. 0-0 Nf6 8. dxc5 Bxc5 9. e4 dxe4 10. Nxe4 Nxe4 11. Bxe4 Bd7 12. Bg5 Qc7 13. Qb3 0-0 14. Bh4 h6 15. Rad1 Rad8 16. Bxd8 Rxd8 17. Bc2 e5 18. Qc4 g6 19. Qh4 Kg7 20. Qc4 Bd6 21. Rfe1 Be6 22. Qa4 Ne7 23. Nxe5 Bxe5 24. Rxd8 Bxh2+ 25. Kh1 Qxd8 26. Kxh2 Nd5 27. Kg1 Qg5 28. Qd4+ Kh7 29. Re5 Qc1+ 30. Qd1 Qxb2 31. Bb3 Nxc3 32. Qe1 Bxb3 33. axb3 Nb5 34. Re8 Nd6 35. Rd8 Qf6 36. Rd7 b6 37. Qe7 Qxe7 38. Rxe7 Kg7 39. Rd7 Ne4 40. Rb7 b5 41. Rb6 Nc5 42. b4 Nd3 43. Rxa6 Nxb4 44. Rb6 Nd5 45. Rxb5 Nf6 46. f3 h5 47. Kh2 Nh7 48. f4 Nf6 49. Kh3 Nh7 50. Kh4 Nf6 51. f5 Kh6 52. Rb6 g5+ 53. Kh3 Kg7 54. g3 Nd5 55. Rb3 Kf6 56. g4 h4 57. Kh2 Ke5 58. Rb5 f6 59. Ra5 Ke4 60. Kg2 Ke5 61. Kf2 Kd4 62. Kf3 Ke5 63. Ke2 Kd4 64. Kd2 h3 65. Ra3 Nf4 66. Ra8 Ke4 67. Ke1 Kf3 68. Kf1 Kxg4 69. Kf2 Kxf5 70. Kg3 Kg6 71. Ra6 Kf5 72. Ra5+ Ke4 73. Ra4+ Ke5 74. Ra5+ Nd5 75. Kxh3 f5 1/2-1/2